000 00442nam a2200145Ia 4500
008 220217s9999||||xx |||||||||||||| ||und||
020 _a81-224-1652-7
082 _a410 GRE
100 _aGreen, Sharon Weiner and Wolf, Ira, K
245 0 _aBarron's student #1 choice pass key to the new SAT
250 _a5th
260 _aNew age international private, Ltd.
_bNew Delhi
_c2005
300 _b145
650 _aEXAM BOOKS/GRE/CAT/GATE
999 _c176264
_d176264